01484nam a22002897a 4500003000400000005001700004008004100021040002200062082001800084100002500102245003000127260006000157300002100217366000800238490003100246505006600277505046200343505001200805650005500817650004700872650004800919650004300967650004501010650005601055650004701111700003601158OSt20230616073538.0221006b |||||||| |||| 00| 0 eng d cBiblioteca Lado V a709.05bG851a aGriffin, Timeeditor aArtforum/bInternacional/ aNew Yorkc2004bNew York editorial and business offices c26.5x27cma260p. espa aNoviembrev2004x0864-1315 tCOLUMNSaPassages On Site Tech Film Slant News Top Ten  tFeaturesaVision Quest: The Cinema of Harun Farocki Viewfinder: A Conversation with Harun Farocki The Tuymans Effect: Wilhelm Sasnal, Eberhard Havekost, Magnus von Plessen Isamu Noguchi: Two Views 1000 Words: Mark Dion Speaking Volumes: The Art of Susan Hiller Idyll Worship: Gregory J. Markopoulos's Eniaios Broken Screen: A Project for Artforum Good Humor Man: David Robbins's "Ice Cream Social" Concrete Comedy: A Primer Openings: Mindy Shapero tReviews 2Tesauro de Arte & ArquitecturaaARTE COMTEMPORANEO 2Tesauro de Arte & ArquitecturaaFOTOGRAFIA 2Tesauro de Arte & ArquitecturaaARTE VISUAL 2Tesauro de Arte & ArquitecturaaLIBROS 2Tesauro de Arte & ArquitecturaaNOTICIAS 2 Tesauro de Arte & ArquitecturaaARTE INTERNACIONAL 2 Tesauro de Arte & ArquitecturaaESCULTURA aNavarreta, Jose Antonioeeditor